Commerce, correspondence, history and geography : per gli istituti tecnici commerciali e gli istituti professionali

Gespeichert in:
Bibliographische Detailangaben
1. Verfasser: Mammone, Giuseppe.
Format: Buch
Sprache:Italienisch
Erschienen: Palermo Ando 1967
Katalog:EDISCO:  Suchergebnis im Bibliothekskatalog
Schulbuchspezifische Eigenschaften:
Tags: Tag hinzufügen
Keine Tags, Fügen Sie den ersten Tag hinzu!
Hinzugefügt zu:30.04.2016
Geändert in:04.10.2017

MARC

LEADER 00000aam a22000007 4500
001 19950
003 OSt
005 20171004090352.0
008 160501s1967 it 000 0 ita
040 |c Paola Zonca - Torino - SBN 
041 1 |a ita 
100 1 |a Mammone, Giuseppe. 
245 0 0 |a Commerce, correspondence, history and geography : per gli istituti tecnici commerciali e gli istituti professionali 
260 |a Palermo  |b Ando  |c 1967 
300 |a 3876 p. :, ;   |c 25 cm . 
901 |a 7 
700 1 |a Mammone, Giuseppe. 
942 |2 ddc  |c BK 
546 |a ita 
999 |c 19939  |d 19939 
999 |c edisco:19939  |d 19939